Statistiques concernant Colombie + Venezuela = 7

Cliquez ici pour prendre le quiz!

Statistiques générales

  • Ce quiz a été pris 56 fois
    (52 depuis la dernière actualisation)
  • Le résultat moyen est 3 sur 7

Statistiques - réponses

Réponse% Correct
Zambie
70%
Mali
60%
Belize
53%
Cuba
49%
Liban
44%
Oman
40%
Monaco
23%

Distribution des résultats

Percentile par nombre de réponses

% des personnes avec chaque résultat

Votre développement - résultats

Vous n’avez pas pris ce quiz depuis la dernière actualisation